[Event "Leipzig VfB op 12th"]
[Site "Leipzig"]
[Date "2005.03.03"]
[Round "5"]
[White "Bader, Dominic"]
[Black "Rothe, Ullrich"]
[Result "1-0"]
[WhiteElo "2108"]
[BlackElo "1752"]
[PlyCount "41"]
[EventDate "2005.01.03"]
[EventType "swiss"]
[EventRounds "9"]
[EventCountry "GER"]
[SourceTitle "EXT 2008"]
[Source "ChessBase"]
[SourceDate "2007.11.25"]
[SourceVersion "1"]
[SourceVersionDate "2007.11.25"]
[SourceQuality "1"]

1. e4 e5 2. Nf3 Nc6 3. Bc4 Nf6 4. Ng5 d5 5. exd5 Na5 6. Bb5+ c6 7. dxc6 bxc6 8. Qf3 cxb5 9. Qxa8 Qc7 10. Nc3 Bb4 11. Nge4 0-0 12. Nxf6+ gxf6 13. Qf3 Bb7 14. Qxf6 Be7 15. Qf5 Kh8 16. d3 Rg8 17. Be3 b4 18. Nb5 Qxc2 19. Qxe5+ f6 20. Qxe7 Qxb2 21. Bd4 1-0

[Event "Leipzig VfB op 12th"]
[Site "Leipzig"]
[Date "2005.03.01"]
[Round "1"]
[White "Just, Wolfgang"]
[Black "Rothe, Ullrich"]
[Result "1-0"]
[WhiteElo "2166"]
[BlackElo "1752"]
[PlyCount "73"]
[EventDate "2005.01.03"]
[EventType "swiss"]
[EventRounds "9"]
[EventCountry "GER"]
[SourceTitle "EXT 2008"]
[Source "ChessBase"]
[SourceDate "2007.11.25"]
[SourceVersion "1"]
[SourceVersionDate "2007.11.25"]
[SourceQuality "1"]

1. e4 e5 2. Nf3 Nc6 3. d4 exd4 4. Nxd4 Nf6 5. Nxc6 bxc6 6. Bd3 Bc5 7. e5 Nd5 8. Qg4 Kf8 9. 0-0 d6 10. Qh5 Be6 11. Bg5 Qd7 12. exd6 cxd6 13. Nd2 f6 14. Ne4 Bg4 15. Qh4 fxg5 16. Nxg5 Nf6 17. Rae1 Bf5 18. Qc4 Bxd3 19. cxd3 Nd5 20. Ne6+ Kf7 21. Qg4 Kg8 22. Re2 Rf8 23. Rfe1 Nf4 24. d4 Nxe2+ 25. Qxe2 Bb4 26. Nxf8 Kxf8 27. Rc1 Qe7 28. Qf3+ Qf6 29. Qxc6 Qf4 30. Qc8+ Kf7 31. Rc7+ Kg6 32. Qxh8 Qxd4 33. Qe8+ Kh6 34. Qe6+ g6 35. Qh3+ Kg5 36. Qg3+ Kh6 37. h4 1-0